Odhadnú správny čas odborári nevylučujú svoje kandidatúry

Bibliographic Details
Main Author: Kaššová, Jozefína (Author)
Format: Article
Language:Slovak
Subjects:

MARC

LEADER 00000nab a2200000 a 4500
001 vtls000655616
003 SK-MaSNL
005 20260302182734.0
008 180206c1998 xo 0 slo
015 |a SNBRA1998/04-09534 
035 |a CLN000007808 
040 |a SNKBUCL  |b slo  |c SNKBUCL  |e AACR2 
041 0 |a slo 
044 |a xo  |c SK 
080 |a 331.881(437.6):061.3  |2 UDC-MRF-SK2 
100 1 |a Kaššová, Jozefína  |4 aut  |9 846995 
245 1 0 |a Odhadnú správny čas  |b odborári nevylučujú svoje kandidatúry  |c Jozefína Kaššová 
610 7 |a Konfederácia odborových zväzov Slovenskej republiky  |b Snem  |d 1998  |2 snkbucl  |9 895131 
655 7 |a články z novín a časopisov  |2 snkbucl  |9 267496 
773 0 |t Pravda  |g Roč. 8, č. 92 (22.4.1998), s. 2 
850 |a Slovenská národná knižnica v Martine 
852 |a SNK  |b KIS3GCP 
958 |a RBX 
999 |c 1419213  |d 1421143